Najwięcej poprzeczek w historii Premier League - Statystyki

Ogólne statystyki
  • Ten quiz został rozwiązany 78 razy
  • Średni wynik to 6 z 20
Statystyki odpowiedzi
Liczba poprzeczek Zawodnik % Poprawnych
29 Wayne Rooney
76%
24 Harry Kane
71%
34 Sergio Aguero
65%
26 Steven Gerrard
51%
23 Kevin De Bruyne
45%
44 Robin Van Persie
41%
26 Luis Suarez
36%
21 Fernando Torres
32%
21 Raheem Sterling
27%
21 Romelu Lukaku
25%
19 Olivier Giroud
21%
23 Jermain Defoe
19%
17 Nicolas Anelka
19%
22 Peter Crouch
17%
18 Daniel Sturridge
13%
18 Christian Eriksen
11%
19 Theo Walcott
7%
21 Gylfi Sigurdsson
3%
17 Shane Long
3%
20 Stewart Downing
3%
Nie znaleziono quizów pasujących do podanych kryteriów
Rozkład punktacji
Procent ludzi z każdym wynikiem
Percentyl według liczby udzielonych odpowiedzi
Twoja historia wyników
Nie rozwiązałeś tego quizu